| 000 | 00376nam a2200145Ia 4500 | ||
|---|---|---|---|
| 008 | 191201s2004 xx 000 0 und d | ||
| 082 |
_a621.382 _bSTI |
||
| 100 | _aSTALLINGS, William | ||
| 245 | 0 | _aISDN and Broadband ISDN with Frame Relay and ATM | |
| 250 | _a4th | ||
| 260 |
_aN.Delhi _bPearson Education _c2004 |
||
| 300 | _a552 | ||
| 650 | _aB.Tech(CSE) | ||
| 942 |
_2ddc _cBK |
||
| 999 |
_c2358 _d2358 |
||